000 01828nam0a2200337 4500
001 RU\NLR\bibl\906212
005 20250614181844.0
010 _a5-7367-0535-4
_91000
021 _aRU
_b2005-86306
_94277
035 _a(NLR Aleph) 000894605
090 _a1739704
_c1739704
100 _a20060210d2005 |||y0rusy50 ca
101 0 _arus
102 _aRU
105 _aa |||||||||
200 1 _aСовременное состояние и тенденции развития сельскохозяйственной техники
_eнаучно-аналитический обзор
_e(по материалам Международной выставки "SIMA-2005")
_fА.А. Ежевский, В.И. Черноиванов, В.Ф. Федоренко
_gМ-во сел. хоз-ва Рос. Федерации, Федер. агентство по сел. хоз-ву
210 _aМосква
_cРосинформагротех
_d2005
215 _a222, [1] с.
_cцв. ил.
_d29
300 _aНа обл. авт. не указаны
601 1 0 _a"SIMA-2005", международная выставка
_eПариж
_jСборники
_92417396
_3RU\NLR\auth\661439882
606 1 _aСельскохозяйственные машины и орудия
_jСборники
_91228969
_3RU\NLR\auth\66182922
686 _aП072я43
686 _aП.е(0)л62
700 1 _aЕжевский
_bА. А.
_gАлександр Александрович
_4070
701 1 _aЧерноиванов
_bВ. И.
_gВячеслав Иванович
_4070
701 1 _4070
_7ca
_8rus
_aФедоренко
_bВ. Ф.
_f1951-
_gВячеслав Филиппович
_957536
_3RU\NLR\auth\7774608
801 0 _aRU
_bNLR
_c20060210
_grcr
801 1 _aRU
_bNLR
_c20060210
942 _cBOOK
980 _aNB